00587 a2200181 4500010003000000020002300030020002600053035003100079037001500110037001300125082001100138100001900149245009300168260003300261270006500294300002700359500001900386 aENG-86685 B-447087-091 c295.00a8178241862 c295.00a9788178241869 aEN-70218 B-447087-091 bDBAD / PUB bBPPD/KKP14a791.431 aVirdi, Jyotika1 aThe cinematic imagination :cby Jyotika VirdibIndian popular films as social history / aDelhibPermanent Blackc2007 aD-28, Oxford Apartments, 11, I. P. ExtensionbDelhie110 092 axvi, 258 pc22cm (Pbk) aIncludes index